[Event "World Amateur-ch U1700 (Women)"]
[Site "Muscat"]
[Date "2023.11.08"]
[Round "7"]
[White "Birzhan, Amina"]
[Black "Al Balushi, Maryam Yusuf"]
[Result "1-0"]
[WhiteElo "1348"]
[BlackElo "1263"]
[PlyCount "57"]
[EventDate "2023.11.02"]
[EventType "swiss"]
[EventRounds "9"]
[EventCountry "OMN"]
[SourceTitle "CB47_2023"]
[SourceDate "2023.11.22"]
[SourceVersion "1"]
[SourceVersionDate "2023.11.22"]
[SourceQuality "1"]

1. Nf3 d5 2. e3 Bf5 3. c4 e6 4. Nc3 Nf6 5. Qb3 b6 6. Nd4 Bg6 7. cxd5 exd5 8. Bb5+ Nbd7 9. Nxd5 Bc5 10. Nc6 Qc8 11. Nxf6+ gxf6 12. d4 Bd6 13. Qd5 a6 14. Be2 Qb7 15. Bf3 a5 16. Bd2 f5 17. Qb5 Qa6 18. Qa4 Rc8 19. Rc1 0-0 20. Ne7+ Bxe7 21. Qxd7 Bd6 22. Qc6 Rfe8 23. Be2 Qa8 24. Qxa8 Rxa8 25. 0-0 c5 26. dxc5 Bxc5 27. Bb5 Red8 28. Bc3 Rd5 29. Bc6 1-0

[Event "World Amateur-ch U1700 (Women)"]
[Site "Muscat"]
[Date "2023.11.05"]
[Round "4"]
[White "Al Balushi, Maryam Yusuf"]
[Black "Alazmi, Amani"]
[Result "1-0"]
[WhiteElo "1263"]
[BlackElo "1522"]
[PlyCount "163"]
[EventDate "2023.11.02"]
[EventType "swiss"]
[EventRounds "9"]
[EventCountry "OMN"]
[SourceTitle "CB47_2023"]
[SourceDate "2023.11.22"]
[SourceVersion "1"]
[SourceVersionDate "2023.11.22"]
[SourceQuality "1"]

1. d4 d5 2. Nc3 Nf6 3. Bf4 a6 4. Nf3 e6 5. e3 Bd6 6. Bd3 Bxf4 7. exf4 Nbd7 8. 0-0 c5 9. dxc5 Nxc5 10. Re1 Nxd3 11. Qxd3 0-0 12. Rad1 b5 13. a3 Bb7 14. f5 exf5 15. Qxf5 Qc7 16. Ne5 Rfd8 17. Ng4 Nxg4 18. Qxg4 h6 19. Rd3 Rd6 20. Qd4 Rad8 21. Rg3 f5 22. Ree3 Qf7 23. Ref3 Re6 24. h3 Rf6 25. b3 Re8 26. Rf4 g5 27. Rff3 f4 28. Rg4 Re4 29. Nxe4 dxe4 30. Rc3 Rg6 31. h4 Rg7 32. hxg5 hxg5 33. Qd8+ Qf8 34. Qxf8+ Kxf8 35. Rc5 e3 36. Re5 Bc8 37. Rgxg5 exf2+ 38. Kxf2 Rf7 39. c4 bxc4 40. bxc4 Rf6 41. Rc5 Bd7 42. Ra5 Kf7 43. c5 Bb5 44. a4 Bc4 45. Kf3 Bb3 46. c6 Rxc6 47. Rgf5+ Ke7 48. Rxf4 Rc3+ 49. Kg4 Rc6 50. Re5+ Kd7 51. Rd4+ Kc7 52. Re7+ Kc8 53. Rf4 Rg6+ 54. Kh5 Rg8 55. g4 Kd8 56. Rh7 Bc2 57. Ra7 Rh8+ 58. Kg5 Rg8+ 59. Kh6 Rg6+ 60. Kh5 Ke8 61. Rff7 Re6 62. Rfb7 Bg6+ 63. Kg5 Kf8 64. Rb8+ Be8 65. Kf5 Re2 66. Rxa6 Rf2+ 67. Kg5 Ke7 68. Ra7+ Kf8 69. Rab7 Ra2 70. Ra7 Ra3 71. a5 Rc3 72. Kh4 Rc1 73. a6 Rh1+ 74. Kg5 Ra1 75. Raa8 Ra5+ 76. Kh4 Kf7 77. Rxe8 Ra1 78. Re5 Rh1+ 79. Kg5 Ra1 80. Ra7+ Kf8 81. Rf5+ Kg8 82. Kg6 1-0